000 00279nam a22001217a 4500
008 170601b xxu||||| |||| 00| 0 eng d
041 _aeng
080 _a94(7/8)
100 _a17
101 _aSHH
245 _aTHE STRUCTURE OF AMERICAN HISTORY
_cHOFSTADTER,R
942 _2udc
_cBK
999 _c15503
_d15503